01021cam a2200313 a 45000010005000000030006000050050017000110080041000280100017000690200015000860200027001010200018001280400023001460500017001690820011001861000020001972450085002172600038003023000047003404900040003875050007004275200127004345210019005615210019005806500023005996500024006226500027006467000034006734702FISKH20240923104330.0010214s2008 nyua a 000 1 eng  a 2001024016 a0060287233 a0060287241 (lib. bdg.) a9780064442763 aDLCcDLCdDLCbeng aPZ7.G766775  a428.1 1 aGrant, Judyann.10aChicken said, "Cluck!" /cby Judyann Ackerman Grant ; pictures by Sue Truesdell. aNew York :bHarperCollins,c2008. a32 pages : bcolor illustrations ; c23 cm0 aI can read! My first shared reading aE  aEarl and Pearl do not want Chicken's help in the garden, until a swarm of grasshoppers arrives and her true talent shines. a280 bLexile  aE bRaz-Plus  1aChickensvFiction. 1aGardeningvFiction. 1aGrasshoppersvFiction.1 aTruesdell, Sue,eillustrator